Science Quiz

Random Science or Computer Quiz

Evolution of Apple Computers Quiz Stats

 Plays Quiz not verified by Sporcle

Challenge
Share
Tweet
Score 0/12 Timer 03:00
0 Plays Today
% Correct
Apple I
80.5%
Apple II
75.6%
Apple III
69.3%
iMac G4
64.6%
iMac G3
62.3%
iMac G5
59.3%
Macintosh
54.8%
Apple Lisa
53.1%
PowerMac 5200
45.7%
Apple IIGS
42.8%
iMac Unibody
41.4%
Macintosh II
39.3%

You're not logged in!

Compare scores with friends on all Sporcle quizzes.
OR
Log In

You Might Also Like...

Show Comments

Extras

Top Quizzes Today


Score Distribution

Your Account Isn't Verified!

In order to create a playlist on Sporcle, you need to verify the email address you used during registration. Go to your Sporcle Settings to finish the process.

Report this User

Report this user for behavior that violates our Community Guidelines.

Details: